[Event "Mittelrhein Verbandsliga-N 17/18"]
[Site "Nordrheinwestfalen"]
[Date "2017.10.22"]
[Round "3.8"]
[White "Bosbach, Jens"]
[Black "Paduch, Daniel"]
[Result "1-0"]
[WhiteElo "1839"]
[BlackElo "1767"]
[PlyCount "63"]
[EventDate "2017.09.10"]
[EventType "team-swiss"]
[EventRounds "11"]
[EventCountry "GER"]
[SourceTitle "EXT 2022"]
[Source "ChessBase"]
[SourceDate "2021.10.06"]
[SourceVersion "1"]
[SourceVersionDate "2021.10.06"]
[SourceQuality "1"]
[WhiteTeam "Langenfeld II"]
[BlackTeam "Kalker/Deutzer SG"]
[WhiteTeamCountry "GER"]
[BlackTeamCountry "GER"]

1. d4 d5 2. Nf3 c6 3. e3 Bg4 4. Be2 Nd7 5. Nbd2 e6 6. 0-0 Bd6 7. b3 Ngf6 8. Bb2 Qb8 9. h3 Bh5 10. c4 e5 11. cxd5 Nxd5 12. Nc4 e4 13. Nxd6+ Qxd6 14. Nd2 Bxe2 15. Qxe2 Qe6 16. f3 exf3 17. Rxf3 f5 18. Qd3 0-0-0 19. Qxf5 Qxf5 20. Rxf5 Nxe3 21. Rf7 Ne5 22. Rxg7 Nd3 23. Nc4 Nxc4 24. bxc4 Nxb2 25. Rb1 Nxc4 26. Rbxb7 Rxd4 27. Rxa7 Nb6 28. Rgc7+ Kd8 29. Rxc6 Nc4 30. Rh6 Ke8 31. Re6+ Kf8 32. Rc6 1-0

[Event "Mittelrhein Verbandsliga-O 16/17"]
[Site "Nordrheinwestfalen"]
[Date "2016.12.18"]
[Round "5"]
[White "Langhoff, Werner"]
[Black "Paduch, Daniel"]
[Result "0-1"]
[WhiteElo "1641"]
[BlackElo "1814"]
[PlyCount "78"]
[EventDate "2016.09.11"]
[EventType "team-tourn"]
[EventRounds "11"]
[EventCountry "GER"]
[SourceTitle "EXT 2022"]
[Source "ChessBase"]
[SourceDate "2021.10.06"]
[SourceVersion "1"]
[SourceVersionDate "2021.10.06"]
[SourceQuality "1"]
[WhiteTeam "Niederkassel II"]
[BlackTeam "Kalker/Deutzer SG"]
[WhiteTeamCountry "GER"]
[BlackTeamCountry "GER"]

1. d4 d5 2. c4 e5 3. e3 e4 4. cxd5 Qxd5 5. Nc3 Bb4 6. a3 Bxc3+ 7. bxc3 Nf6 8. Qc2 Nbd7 9. c4 Qg5 10. Nh3 Qf5 11. Nf4 c5 12. f3 cxd4 13. fxe4 Qc5 14. Nd3 Qe7 15. exd4 Nxe4 16. Be2 Qh4+ 17. Kd1 0-0 18. Bf4 Ndf6 19. Bf3 Bg4 20. Re1 Rfe8 21. Be5 Rad8 22. Kc1 Bxf3 23. gxf3 Nd6 24. Kb1 b5 25. c5 Nc4 26. Ka2 Nd5 27. Re4 Qh6 28. Rg1 Qa6 29. Rxg7+ Kf8 30. Rg8+ Ke7 31. Rxe8+ Rxe8 32. Bd6+ Kd8 33. Rxe8+ Kxe8 34. Qb3 Nxd6 35. Qxd5 Nc4 36. Qe4+ Kf8 37. Qa8+ Kg7 38. Qd5 Qxa3+ 39. Kb1 Qxd3+ 0-1

[Event "Mittelrhein Verbandsliga-M 15/16"]
[Site "Nordrheinwestfalen"]
[Date "2016.03.13"]
[Round "9.8"]
[White "Paduch, Daniel"]
[Black "Eulering, Georg"]
[Result "1-0"]
[WhiteElo "1796"]
[BlackElo "2065"]
[PlyCount "49"]
[EventDate "2015.09.06"]
[EventType "team-tourn"]
[EventRounds "11"]
[EventCountry "GER"]
[SourceTitle "EXT 2022"]
[Source "ChessBase"]
[SourceDate "2021.10.06"]
[SourceVersion "1"]
[SourceVersionDate "2021.10.06"]
[SourceQuality "1"]
[WhiteTeam "Kalker/Deutzer SG"]
[BlackTeam "Schlebusch SF"]
[WhiteTeamCountry "GER"]
[BlackTeamCountry "GER"]

1. e4 Nf6 2. e5 Nd5 3. d4 d6 4. c4 Nb6 5. exd6 exd6 6. Bd3 Nc6 7. Be3 Be7 8. Nc3 Bf6 9. Nge2 0-0 10. c5 dxc5 11. dxc5 Nb4 12. Be4 Nc4 13. 0-0 Nxe3 14. fxe3 Qe7 15. a3 Na6 16. Qb1 Nxc5 17. Bxh7+ Kh8 18. Nd5 Qe5 19. Nxf6 gxf6 20. Ng3 Nb3 21. Qd1 Nxa1 22. Bf5 Re8 23. Bxc8 Raxc8 24. Nf5 Re6 25. Qg4 1-0

[Event "GER-chT U20"]
[Site "Cologne"]
[Date "2004.12.27"]
[Round "1.5"]
[White "Kakionis, Konstantios"]
[Black "Paduch, Daniel"]
[Result "0-1"]
[WhiteElo "1468"]
[BlackElo "1671"]
[PlyCount "32"]
[EventDate "2004.12.27"]
[EventType "team"]
[EventRounds "7"]
[EventCountry "GER"]
[SourceTitle "CBM 104 Extra"]
[Source "ChessBase"]
[SourceDate "2005.03.01"]
[SourceVersion "1"]
[SourceVersionDate "2005.03.01"]
[SourceQuality "1"]
[WhiteTeam "Eppingen (U20)"]
[BlackTeam "Koeln Muelheim (U20)"]
[WhiteTeamCountry "GER"]
[BlackTeamCountry "GER"]

1. d4 d5 2. c4 e6 3. Nc3 Nf6 4. Bg5 Nbd7 5. e3 c6 6. a3 Be7 7. Nf3 0-0 8. Rc1 Re8 9. cxd5 exd5 10. Be2 Bd6 11. Qc2 Nf8 12. Bd3 Ng6 13. Ne2 Qa5+ 14. Kf1 Ne4 15. Bxe4 dxe4 16. Nd2 Qxg5 0-1

[Event "GER-chT U20"]
[Site "Cologne"]
[Date "2004.12.27"]
[Round "2.5"]
[White "Paduch, Daniel"]
[Black "Schoene, Maria"]
[Result "0-1"]
[WhiteElo "1671"]
[BlackElo "2110"]
[PlyCount "60"]
[EventDate "2004.12.27"]
[EventType "team"]
[EventRounds "7"]
[EventCountry "GER"]
[SourceTitle "CBM 104 Extra"]
[Source "ChessBase"]
[SourceDate "2005.03.01"]
[SourceVersion "1"]
[SourceVersionDate "2005.03.01"]
[SourceQuality "1"]
[WhiteTeam "Koeln Muelheim (U20)"]
[BlackTeam "Dresden SC (U20)"]
[WhiteTeamCountry "GER"]
[BlackTeamCountry "GER"]

1. e4 c5 2. Nf3 d6 3. d4 cxd4 4. Nxd4 Nf6 5. Bc4 g6 6. Nc3 Bg7 7. 0-0 0-0 8. Be3 Nc6 9. h3 Bd7 10. Kh1 Ne5 11. Bb3 Rc8 12. f4 Nc4 13. Bxc4 Rxc4 14. Qf3 Qa5 15. Nb3 Qa6 16. e5 Bc6 17. exf6 Bxf3 18. fxg7 Bxg2+ 19. Kxg2 Kxg7 20. Kg3 e5 21. Rad1 b5 22. fxe5 dxe5 23. Bc5 Rc8 24. Rd6 Rc6 25. Rd7 Rf6 26. Rfd1 Qc6 27. R1d5 Rcf4 28. Rd8 h5 29. Nxb5 Rf3+ 30. Kh2 Qe6 0-1